[Event "GRE-GER m"]
[Site "Corfu"]
[Date "1999.10.15"]
[Round "4"]
[White "Mastrovasilis, Dimitrios"]
[Black "Gabriel, Christian"]
[Result "1-0"]
[WhiteElo "2384"]
[BlackElo "2578"]
[PlyCount "123"]
[EventDate "1999.10.12"]
[Source "ChessBase"]
[SourceDate "2000.02.01"]

1. e4 e5 2. Nf3 Nc6 3. d4 exd4 4. c3 d5 5. exd5 Qxd5 6. cxd4 Bb4+ 7. Nc3 Bg4 8. Be2 Bxf3 9. Bxf3 Qc4 10. Qb3 Qxb3 11. axb3 Nge7 12. Be3 a6 13. O-O Rd8 14. Ra4 Bd6 15. b4 O-O 16. b5 axb5 17. Nxb5 Rd7 18. Rc1 h6 19. Kf1 Rb8 20. Rca1 Nf5 21. Ra8 Rdd8 22. Rxb8 Rxb8 23. h3 Re8 24. Nxd6 cxd6 25. Ra3 Re7 26. Rb3 Kh7 27. g4 Nxe3+ 28. fxe3 Kg6 29. Kf2 f5 30. Rb6 fxg4 31. hxg4 Kg5 32. Rb5+ Kg6 33. Rb6 Kg5 34. b4 Rd7 35. Kg3 Nd8 36. Bd5 Kf6 37. Kf4 g6 38. g5+ hxg5+ 39. Kg4 Nf7 40. Rxb7 Nh6+ 41. Kg3 Rd8 42. e4 g4 43. b5 Rc8 44. b6 Rc3+ 45. Kg2 Rc2+ 46. Kf1 Rb2 47. Rh7 Kg5 48. b7 g3 49. Rh8 Ng4 50. b8=Q Nh2+ 51. Rxh2 Rxb8 52. Re2 Rb5 53. Be6 Kf4 54. Kg2 Rh5 55. Kg1 Kf3 56. Rb2 Kxe4 57. d5 Rh8 58. Rb4+ Kf3 59. Rb3+ Kf4 60. Rb4+ Kf3 61. Bg4+ Ke3 62. Kg2 1-0

[Event "Mind Sports Games - Blitz Team"]
[Site "Pechino CINA"]
[Date "2008.10.13"]
[Round "9"]
[White "Can, E."]
[Black "Friedel, J."]
[Result "0-1"]
[WhiteElo "2464"]
[BlackElo "2498"]
[PlyCount "63"]
[EventDate "2008.10.13"]
[Source "www.chesslib.no"]
[SourceDate "2004.05.04"]

1. e4 e5 2. Nf3 Nc6 3. d4 exd4 4. c3 d5 5. exd5 Qxd5 6. cxd4 Bg4 7. Nc3 Bb4 8. Be2 Bxf3 9. Bxf3 Qc4 10. Bxc6+ bxc6 11. Qe2+ Qxe2+ 12. Kxe2 O-O-O 13. Be3 Ne7 14. Rac1 Rhe8 15. Na4 Ba5 16. Rhd1 Bb6 17. Nc5 Nf5 18. Kf3 Rd6 19. g4 Nxe3 20. fxe3 Rf6+ 21. Ke2 Rh6 22. Kd3 Rxh2 23. Rd2 Rh3 24. Re2 Rg3 25. Nb3 Kd7 26. a4 a6 27. a5 Ba7 28. Nd2 Rxg4 29. b4 Bxd4 30. Nb3 Rxe3+ 31. Rxe3 Bxe3 32. Rb1 0-1

[Event "Memorial V.Karseladze"]
[Site "Sukhumi GEO"]
[Date "1974.??.??"]
[Round "?"]
[White "Tseitlin, Michael S"]
[Black "Vladimirov, Evgeny Y"]
[Result "1-0"]
[WhiteElo "2500"]
[BlackElo "2460"]
[PlyCount "59"]
[EventDate "1974.??.??"]
[Source "www.chesslib.no"]
[SourceDate "2004.05.04"]

1. e4 e5 2. Nf3 Nc6 3. d4 exd4 4. c3 d5 5. exd5 Qxd5 6. cxd4 Bg4 7. Be2 O-O-O 8. Nc3 Qa5 9. Be3 Nf6 10. h3 Bxf3 11. Bxf3 Bb4 12. O-O Bxc3 13. bxc3 Rhe8 14. Qb3 Qa6 15. Qxf7 Re7 16. Qb3 Rde8 17. Rab1 Ne4 18. Rfc1 Nd6 19. Bg4+ Kb8 20. c4 Ne4 21. c5 Nxd4 22. Bxd4 Nd2 23. Qd5 Nxb1 24. Rxb1 c6 25. Qd6+ Ka8 26. Bd7 Qd3 27. Rxb7 Kxb7 28. Qxc6+ Kb8 29. Qd6+ Kb7 30. Qd5+ 1-0

[Event "San Martin"]
[Site "San Martin"]
[Date "1994.??.??"]
[Round "7"]
[White "Zarnicki, Pablo"]
[Black "Sorokin, Maxim"]
[Result "1-0"]
[WhiteElo "2435"]
[BlackElo "2520"]
[PlyCount "97"]
[EventDate "1994.04.??"]
[Source "ChessBase"]

1. e4 e5 2. Nf3 Nc6 3. d4 exd4 4. c3 dxc3 5. Bc4 Nf6 6. Nxc3 Bb4 7. O-O Bxc3 8. bxc3 O-O 9. Ba3 Re8 10. Qb3 d5 11. Bxd5 Nxd5 12. exd5 Na5 13. Qa4 b6 14. Rfe1 Bb7 15. c4 h6 16. h3 Rxe1+ 17. Rxe1 Qf6 18. Re8+ Rxe8 19. Qxe8+ Kh7 20. Ne5 Nxc4 21. Nxc4 Bxd5 22. Ne3 Qa1+ 23. Kh2 Qxa2 24. Bf8 Be6 25. Kg3 Qa5 26. Qd8 Qe5+ 27. Kf3 c5 28. Qd3+ Kg8 29. Bd6 Qf6+ 30. Kg3 a5 31. Bc7 Qd4 32. Qxd4 cxd4 33. Nf1 a4 34. Bxb6 d3 35. Kf4 g5+ 36. Ke3 Bd7 37. Nd2 Bb5 38. Nb1 f5 39. g3 Kf7 40. Nc3 Bd7 41. f4 Kg6 42. Kxd3 Kh5 43. Bd8 Bc6 44. Kd4 Bg2 45. h4 gxf4 46. gxf4 Kg4 47. Ke5 Bc6 48. Nb1 Be4 49. Na3 1-0

[Event "Magistral de Badalona"]
[Site "Badalona"]
[Date "2001.??.??"]
[Round "3"]
[White "Fluvia Poyatos, Joan"]
[Black "Narciso Dublan, Marc"]
[Result "1/2-1/2"]
[WhiteElo "2423"]
[BlackElo "2529"]
[PlyCount "38"]
[EventDate "2001.03.??"]
[Source "www.chesslib.no"]
[SourceDate "2004.05.04"]

1. e4 e5 2. Nf3 Nc6 3. d4 exd4 4. c3 Nf6 5. e5 Nd5 6. cxd4 Bb4+ 7. Bd2 Bxd2+ 8. Nbxd2 d6 9. Qb3 Nb6 10. Bb5 Be6 11. Qc2 Bd5 12. a3 O-O 13. O-O dxe5 14. dxe5 Nxe5 15. Nxe5 Qg5 16. Nef3 Bxf3 17. Nxf3 Qxb5 18. Qxc7 Nd5 19. Qc2 Rac8 1/2-1/2

[Event "Bogota"]
[Site "?"]
[Date "1991.??.??"]
[Round "?"]
[White "Fiorito, Fabian"]
[Black "Sisniega, M."]
[Result "0-1"]
[WhiteElo "2410"]
[BlackElo "2540"]
[PlyCount "72"]
[EventDate "1991.??.??"]
[Source "ChessBase"]
[SourceDate "1992.02.01"]

1. e4 e5 2. Nf3 Nc6 3. d4 exd4 4. c3 dxc3 5. Bc4 d6 6. Nxc3 Nf6 7. Qb3 Qd7 8. Ng5 Ne5 9. Bb5 c6 10. f4 cxb5 11. fxe5 Ng4 12. Nxb5 Nxe5 13. O-O h6 14. Bf4 hxg5 15. Bxe5 dxe5 16. Qc4 b6 17. Nc7+ Kd8 18. Rad1 Bc5+ 19. Kh1 Bd4 20. Rxf7 Qd6 21. Rd3 Rb8 22. Nb5 Ba6 23. Nxd6 Bxc4 24. Nxc4 Rc8 25. Nd2 Ke8 26. Rf1 Bxb2 27. Nf3 g4 28. Ng5 Rf8 29. Rfd1 Rf6 30. h4 gxh3 31. Rxh3 Ke7 32. Rhd3 Bd4 33. Nf3 Rh8+ 34. Nh2 Rfh6 35. Rh3 Rxh3 36. gxh3 Rxh3 0-1

[Event "TCh-Rep. Srpska, Jahorina BIH"]
[Site "?"]
[Date "2001.??.??"]
[Round "8"]
[White "Vukovic, Zd"]
[Black "Abramovic, B."]
[Result "1/2-1/2"]
[WhiteElo "2450"]
[BlackElo "2500"]
[PlyCount "38"]
[EventDate "2001.??.??"]
[Source "www.chesslib.no"]
[SourceDate "2004.05.04"]

1. e4 e5 2. Nf3 Nc6 3. d4 d6 4. dxe5 Nxe5 5. Nxe5 dxe5 6. Qxd8+ Kxd8 7. Bc4 Ke8 8. Be3 Nf6 9. f3 Bd6 10. Nd2 Ke7 11. Bb3 Be6 12. Nc4 Rhd8 13. O-O-O Nd7 14. Nxd6 cxd6 15. Bd5 Bxd5 16. Rxd5 Nf6 17. Bg5 h6 18. Bxf6+ Kxf6 19. Rhd1 Ke7 1/2-1/2

[Event "Battle of Crete 30'"]
[Site "Panormo"]
[Date "2001.09.21"]
[Round "5"]
[White "Mastrovasilis, Dimitrios"]
[Black "Zoler, Dan"]
[Result "0-1"]
[WhiteElo "2435"]
[BlackElo "2507"]
[PlyCount "88"]
[EventDate "2001.09.01"]
[Source "ChessBase"]
[SourceDate "2001.10.26"]

1. e4 e5 2. Nf3 Nc6 3. d4 exd4 4. c3 d5 5. exd5 Qxd5 6. cxd4 Nf6 7. Be2 Bb4+ 8. Nc3 Ne4 9. Bd2 Bxc3 10. bxc3 O-O 11. O-O Bg4 12. h3 Bh5 13. Rb1 Qxa2 14. Be1 Rfe8 15. Ra1 Qd5 16. c4 Qd6 17. g4 Bg6 18. d5 Ne7 19. Nd4 c6 20. Qb3 cxd5 21. Nb5 Qe5 22. Ra2 dxc4 23. Bxc4 a6 24. Qa3 Rac8 25. f4 Qc5+ 26. Qxc5 Rxc5 27. Be2 axb5 28. f5 Nd5 29. fxg6 hxg6 30. Rb2 Nec3 31. Bf3 b4 32. Bf2 Rc4 33. Rd2 Re5 34. Bg3 Re3 35. Kf2 Ree4 36. Rc1 b5 37. Rxd5 Nxd5 38. Rxc4 Rxc4 39. Bxd5 Rc2+ 40. Ke3 Rc3+ 41. Kf2 b3 42. Be4 f6 43. Bf4 b2 44. Ke2 Rc1 0-1

[Event "IBM"]
[Site "Amsterdam"]
[Date "1972.??.??"]
[Round "?"]
[White "Ljubojevic, Ljubomir"]
[Black "Ree, Hans"]
[Result "1/2-1/2"]
[WhiteElo "2510"]
[BlackElo "2430"]
[PlyCount "41"]
[EventDate "1972.??.??"]
[Source "ChessBase"]

1. e4 e5 2. Nf3 Nc6 3. d4 exd4 4. c3 d5 5. exd5 Qxd5 6. cxd4 Bg4 7. Be2 Bb4+ 8. Nc3 Bxf3 9. Bxf3 Qc4 10. Qb3 Qxb3 11. axb3 Nge7 12. O-O a6 13. Ra4 Bd6 14. Bg5 f6 15. Bh5+ Ng6 16. Re1+ Nce7 17. Bd2 O-O-O 18. g3 Kb8 19. Ne4 Nd5 20. Ra5 Bb4 21. Bxb4 1/2-1/2

[Event "CRO-chT2"]
[Site "Tucepi"]
[Date "1996.??.??"]
[Round "?"]
[White "Sermek, Drazen"]
[Black "Berebora, Ferenc"]
[Result "1/2-1/2"]
[WhiteElo "2535"]
[BlackElo "2395"]
[PlyCount "47"]
[EventDate "1996.??.??"]
[Source "www.chesslib.no"]
[SourceDate "2004.05.04"]

1. e4 e5 2. Nf3 Nc6 3. d4 exd4 4. c3 dxc3 5. Bc4 d6 6. Nxc3 Nf6 7. Qb3 Qd7 8. Ng5 Ne5 9. Bb5 c6 10. f4 cxb5 11. fxe5 dxe5 12. Be3 a5 13. O-O a4 14. Qxb5 Bd6 15. Qc4 O-O 16. Rxf6 gxf6 17. Nd5 Be7 18. Bc5 Bxc5+ 19. Qxc5 Qd8 20. Rd1 Kg7 21. Nf3 Be6 22. Nh4 Qa5 23. Qe7 Qd8 24. Qb4 1/2-1/2

[Event "First Saturday GM - Agosto 2007"]
[Site "Budapest UNG"]
[Date "2007.08.16"]
[Round "11"]
[White "Lapshun, Yury"]
[Black "Berczes, David"]
[Result "1-0"]
[WhiteElo "2479"]
[BlackElo "2450"]
[PlyCount "79"]
[EventDate "2007.08.06"]
[Source "www.chesslib.no"]
[SourceDate "2004.05.04"]

1. e4 e5 2. Nf3 Nc6 3. d4 exd4 4. Bc4 Bc5 5. O-O d6 6. c3 Bg4 7. Bb5 dxc3 8. Nxc3 Nge7 9. h3 Bd7 10. Bf4 a6 11. Bc4 Ng6 12. Bg5 Qc8 13. Nd5 h6 14. Bd2 O-O 15. Bxh6 Re8 16. Ng5 Re5 17. Nf6+ Kf8 18. Qf3 Bf5 19. Ngh7+ Ke7 20. exf5 Nd4 21. Nd5+ Kd8 22. Qg4 gxh6 23. fxg6 Qxg4 24. hxg4 fxg6 25. Rae1 b5 26. Rxe5 dxe5 27. Bd3 c6 28. Nc3 Ke7 29. Nf6 Ba7 30. Nfe4 Rd8 31. Rd1 Ne6 32. g3 Bd4 33. b3 Kf8 34. Kg2 c5 35. Ne2 Rc8 36. Rc1 Ke7 37. Ng1 Nf8 38. Nf3 Nd7 39. Nh4 Rc6 40. a4 1-0

[Event "Corr"]
[Site "?"]
[Date "2002.03.01"]
[Round "?"]
[White "Dolgov Igor Mikhailovich ("]
[Black "Schuster Peter"]
[Result "1/2-1/2"]
[WhiteElo "2453"]
[BlackElo "2475"]
[PlyCount "40"]
[EventDate "2002.??.??"]
[Source "www.chesslib.no"]
[SourceDate "2004.05.04"]

1. e4 e5 2. Nf3 Nc6 3. d4 exd4 4. c3 d5 5. exd5 Qxd5 6. cxd4 Bg4 7. Be2 Bb4+ 8. Nc3 Bxf3 9. Bxf3 Qc4 10. Bxc6+ bxc6 11. Qe2+ Qxe2+ 12. Kxe2 O-O-O 13. Be3 Ne7 14. Kd3 c5 15. Kc4 cxd4 16. Bxd4 Nc6 17. Be3 Ba5 18. Rad1 Ne5+ 19. Kb3 Bb6 20. Bxb6 axb6 1/2-1/2

[Event "FRA Team Ch"]
[Site "France"]
[Date "1992.??.??"]
[Round "?"]
[White "Roos, Louis"]
[Black "Djuric, Stefan"]
[Result "1/2-1/2"]
[WhiteElo "2385"]
[BlackElo "2535"]
[PlyCount "81"]
[EventDate "1992.??.??"]
[Source "www.chesslib.no"]
[SourceDate "2004.05.04"]

1. e4 e5 2. Nf3 Nc6 3. d4 exd4 4. Bc4 Be7 5. O-O Nf6 6. Re1 d5 7. exd5 Nxd5 8. Nxd4 Ndb4 9. Bg5 O-O 10. Nxc6 Nxc6 11. Qxd8 Bxd8 12. Bf4 Nb4 13. Na3 Bf5 14. Rad1 Nxc2 15. Nxc2 Bxc2 16. Rc1 Bf5 17. b4 a6 18. h3 h6 19. Be2 c6 20. Bd6 Re8 21. Bg4 Be6 22. Bxe6 fxe6 23. Rcd1 Bf6 24. Bc5 Red8 25. Rxd8+ Rxd8 26. Rxe6 Rd2 27. a4 Kf7 28. Re4 a5 29. bxa5 Rd1+ 30. Kh2 Rd5 31. Bb6 Bc3 32. a6 bxa6 33. Rc4 Be5+ 34. g3 Rd6 35. Bc7 Rd4 36. Rxc6 Bxc7 37. Rxc7+ Kg8 38. h4 Rxa4 39. h5 Ra2 40. Kg2 Re2 41. Ra7 1/2-1/2

[Event "Dhaka"]
[Site "Dhaka"]
[Date "1995.??.??"]
[Round "6"]
[White "Handoko, Edhi"]
[Black "Lodhi, Mahmood"]
[Result "1/2-1/2"]
[WhiteElo "2500"]
[BlackElo "2420"]
[PlyCount "83"]
[EventDate "1995.??.??"]
[Source "ChessBase"]

1. e4 e5 2. Nf3 Nc6 3. d4 Nf6 4. dxe5 Nxe4 5. Bd3 Nc5 6. O-O Be7 7. Nc3 Nxd3 8. Qxd3 O-O 9. Nd5 f6 10. Bf4 fxe5 11. Nxe5 Nxe5 12. Bxe5 d6 13. Bc3 Rf7 14. Rae1 Bf8 15. Ne3 Bd7 16. f4 Bc6 17. f5 Qg5 18. Nd5 Re8 19. Rxe8 Bxe8 20. Bd2 Qh5 21. Rf3 Bc6 22. c4 Bxd5 23. Qxd5 c6 24. Qe6 Qh4 25. Be3 Qe1+ 26. Rf1 Qe2 27. f6 gxf6 28. h3 Qxb2 29. Rf5 Bg7 30. Kh2 Qxa2 31. Bh6 Qb2 32. Bxg7 Kxg7 33. Qxd6 Qe2 34. Rf3 Qe8 35. c5 h6 36. Qd3 Kh8 37. Qg6 Qf8 38. Rd3 Qg7 39. Qf5 Rf8 40. Rd7 Rf7 41. Rd8+ Rf8 42. Rd7 1/2-1/2

[Event "Dhaka BAN"]
[Site "Dhaka BAN"]
[Date "1995.??.??"]
[Round "6"]
[White "Handoko, Edhi"]
[Black "Lodhi, Mahmood"]
[Result "1/2-1/2"]
[WhiteElo "2500"]
[BlackElo "2420"]
[PlyCount "83"]
[EventDate "1995.??.??"]
[Source "www.chesslib.no"]
[SourceDate "2004.05.04"]

1. e4 e5 2. Nf3 Nc6 3. d4 Nf6 4. dxe5 Nxe4 5. Bd3 Nc5 6. O-O Be7 7. Nc3 Nxd3 8. Qxd3 O-O 9. Nd5 f6 10. Bf4 fxe5 11. Nxe5 Nxe5 12. Bxe5 d6 13. Bc3 Rf7 14. Rae1 Bf8 15. Ne3 Bd7 16. f4 Bc6 17. f5 Qg5 18. Nd5 Re8 19. Rxe8 Bxe8 20. Bd2 Qh5 21. Rf3 Bc6 22. c4 Bxd5 23. Qxd5 c6 24. Qe6 Qh4 25. Be3 Qe1+ 26. Rf1 Qe2 27. f6 gxf6 28. h3 Qxb2 29. Rf5 Bg7 30. Kh2 Qxa2 31. Bh6 Qb2 32. Bxg7 Qb3 33. Qxd6 b6 34. Rf3 Rb7 35. c5 Kxg7 36. Qd4 Kf7 37. Qg1 Qb4 38. Re3 Qd4 39. Qf1 Rb8 40. Re6 Rf8 41. Re8 Qe3 42. Rb8 1/2-1/2

[Event "Open"]
[Site "?"]
[Date "2005.09.08"]
[Round "8"]
[White "Paramonov Dimitriy"]
[Black "Obukhov Alexander"]
[Result "0-1"]
[WhiteElo "2395"]
[BlackElo "2522"]
[PlyCount "58"]
[EventDate "2005.??.??"]
[Source "www.chesslib.no"]
[SourceDate "2004.05.04"]

1. e4 e5 2. Nf3 Nc6 3. d4 exd4 4. c3 Nf6 5. e5 Nd5 6. cxd4 Bb4+ 7. Nbd2 d6 8. Bb5 O-O 9. O-O dxe5 10. Bxc6 bxc6 11. Nxe5 Ne7 12. Ndc4 Bd6 13. Qa4 c5 14. dxc5 Bxc5 15. Rd1 Qe8 16. Qc2 Nf5 17. Qc3 Be6 18. b4 Bd4 19. Rxd4 Nxd4 20. Qxd4 Rd8 21. Qxd8 Qxd8 22. Bb2 Bxc4 23. Nxc4 Qd3 24. Rc1 f6 25. g3 Re8 26. Rc3 Qd1+ 27. Kg2 Qd5+ 28. Kh3 Re2 29. Ne3 Qe6+ 0-1

[Event "XXIV ECC"]
[Site "Kallithea GRE"]
[Date "2008.10.17"]
[Round "1"]
[White "Nedev, T."]
[Black "Stojcevski, Z."]
[Result "1-0"]
[WhiteElo "2525"]
[BlackElo "2392"]
[PlyCount "65"]
[EventDate "2008.10.17"]
[Source "www.chesslib.no"]
[SourceDate "2004.05.04"]

1. e4 e5 2. Nf3 Nc6 3. d4 Qf6 4. Nc3 Bb4 5. Bd2 Nxd4 6. Nxd4 exd4 7. Nb5 Bd6 8. Qg4 Kf8 9. O-O-O a6 10. Bg5 Qg6 11. Nxd6 Qxd6 12. c3 Qg6 13. Qh4 dxc3 14. bxc3 Qc6 15. Kb2 d6 16. e5 Qb6+ 17. Qb4 Qxb4+ 18. cxb4 d5 19. Rxd5 Be6 20. Rd8+ Rxd8 21. Bxd8 c6 22. Bb6 Ne7 23. Be2 Nd5 24. Bc5+ Ke8 25. Rd1 Kd7 26. f4 h5 27. h3 h4 28. Bf2 Bf5 29. Rd4 Ke6 30. Bf3 g6 31. Kb3 f6 32. exf6 Kxf6 33. Rxd5 1-0

[Event "SLO Ch"]
[Site "Slovenia"]
[Date "1992.??.??"]
[Round "?"]
[White "Sermek, Drazen"]
[Black "Barle, Janez"]
[Result "1-0"]
[WhiteElo "2460"]
[BlackElo "2455"]
[PlyCount "49"]
[EventDate "1992.??.??"]
[Source "www.chesslib.no"]
[SourceDate "2004.05.04"]

1. e4 e5 2. Nf3 Nc6 3. d4 exd4 4. c3 dxc3 5. Bc4 d6 6. Nxc3 Nf6 7. Qb3 Qd7 8. Ng5 Ne5 9. Bb5 c6 10. f4 cxb5 11. fxe5 Ng4 12. Bf4 b4 13. Nd5 dxe5 14. Rd1 Bd6 15. h3 Nh6 16. Bd2 f6 17. Bxb4 fxg5 18. O-O Nf7 19. Rxf7 Qxf7 20. Bxd6 Kd8 21. Be7+ Qxe7 22. Nxe7+ Kxe7 23. Qb4+ Ke6 24. Qd6+ Kf7 25. Rf1+ 1-0

[Event "15th Belisce Metalis Open"]
[Site "Bizovac CRO"]
[Date "2008.03.22"]
[Round "3"]
[White "Zelcic, R."]
[Black "Kristovic, M."]
[Result "0-1"]
[WhiteElo "2587"]
[BlackElo "2327"]
[PlyCount "88"]
[EventDate "2008.03.21"]
[Source "www.chesslib.no"]
[SourceDate "2004.05.04"]

1. e4 e5 2. Nf3 Nc6 3. d4 d6 4. Nc3 Nf6 5. dxe5 Nxe5 6. Nd4 Bd7 7. Be2 Be7 8. f4 Nc6 9. Nf3 O-O 10. O-O a6 11. Kh1 b5 12. a3 Rb8 13. e5 dxe5 14. fxe5 Ng4 15. Bf4 Be6 16. Bd3 b4 17. Ne4 bxa3 18. bxa3 f6 19. exf6 Bxf6 20. Nxf6+ Qxf6 21. Ng5 Bf5 22. Nxh7 Kxh7 23. Qxg4 Bxd3 24. Qh5+ Kg8 25. Qd5+ Rf7 26. Qxd3 Rbf8 27. h3 Qd4 28. Qb3 Kh8 29. c3 Qc5 30. Qa4 g5 31. Qxa6 gxf4 32. Rae1 f3 33. Rxf3 Rxf3 34. gxf3 Qxc3 35. Rf1 Qf6 36. Qb5 Ne5 37. Rf2 Qf4 38. a4 Rd8 39. Qe2 c5 40. a5 c4 41. a6 c3 42. a7 Qf5 43. Qe3 Qxh3+ 44. Rh2 Rd1+ 0-1

[Event "Alfaro Open"]
[Site "?"]
[Date "1997.??.??"]
[Round "?"]
[White "Martin Gonzalez Angel"]
[Black "Izeta Txabarri Felix"]
[Result "1-0"]
[WhiteElo "2420"]
[BlackElo "2490"]
[PlyCount "47"]
[EventDate "1997.??.??"]
[Source "www.chesslib.no"]
[SourceDate "2004.05.04"]

1. e4 Nc6 2. Nf3 e5 3. d4 exd4 4. c3 dxc3 5. Nxc3 Bb4 6. Bc4 d6 7. O-O Bxc3 8. bxc3 Nf6 9. e5 Nxe5 10. Nxe5 dxe5 11. Qb3 Qe7 12. Ba3 c5 13. Bb5+ Kf8 14. Rae1 g6 15. c4 Bf5 16. Qb2 e4 17. f3 Kg8 18. Qc3 Ne8 19. Bb2 f6 20. Bxe8 Rxe8 21. fxe4 Bc8 22. Rxf6 Qg7 23. Ref1 Qh6 24. Rf8+ 1-0

[Event "Bucharest"]
[Site "Bucharest ROM"]
[Date "1971.06.22"]
[Round "10"]
[White "Ciocaltea, Viktor"]
[Black "Jansa, Vlastimil"]
[Result "1/2-1/2"]
[WhiteElo "2460"]
[BlackElo "2450"]
[PlyCount "40"]
[EventDate "1971.06.??"]
[Source "www.chesslib.no"]
[SourceDate "2004.05.04"]

1. e4 e5 2. Nf3 Nc6 3. d4 exd4 4. c3 d5 5. exd5 Qxd5 6. cxd4 Nf6 7. Nc3 Bb4 8. Bd2 Bxc3 9. bxc3 O-O 10. Be2 Ne4 11. O-O Nxd2 12. Qxd2 Bf5 13. c4 Qa5 14. Qf4 Rae8 15. d5 Bg6 16. Rfe1 Nb4 17. Qd2 Qc5 18. Bf1 Nc2 19. Rxe8 Rxe8 20. Rc1 Nb4 1/2-1/2

[Event "Bilbao op"]
[Site "?"]
[Date "2000.??.??"]
[Round "?"]
[White "Mate Adan Carlos"]
[Black "Korneev Oleg"]
[Result "0-1"]
[WhiteElo "2285"]
[BlackElo "2619"]
[PlyCount "74"]
[EventDate "2000.??.??"]
[Source "www.chesslib.no"]
[SourceDate "2004.05.04"]

1. e4 e5 2. Nf3 Nc6 3. d4 exd4 4. c3 dxc3 5. Bc4 d6 6. Nxc3 Nf6 7. Qb3 Qd7 8. Ng5 Ne5 9. Bb5 c6 10. f4 Neg4 11. Bd3 h6 12. Nf3 d5 13. e5 Ne4 14. Bxe4 dxe4 15. Nxe4 h5 16. Bd2 Be7 17. O-O-O Qe6 18. Qd3 Qxa2 19. Nd6+ Bxd6 20. exd6 O-O 21. Ng5 g6 22. d7 Bxd7 23. Qxd7 Rad8 24. Qe7 Rfe8 25. Qc5 Rd5 26. Qc2 Nf2 27. Bc3 Qa1+ 28. Qb1 Rxd1+ 29. Rxd1 Qxb1+ 30. Kxb1 Nxd1 31. Be5 Ne3 32. Ne4 Nd5 33. g3 f6 34. Nxf6+ Nxf6 35. Bxf6 Re2 36. h3 Rh2 37. g4 Rxh3 0-1

[Event "Yugoslavia"]
[Site "Yugoslavia"]
[Date "1988.??.??"]
[Round "?"]
[White "Sermek, Drazen"]
[Black "Sale, Srdjan"]
[Result "0-1"]
[WhiteElo "2495"]
[BlackElo "2405"]
[PlyCount "66"]
[EventDate "1988.??.??"]
[Source "www.chesslib.no"]
[SourceDate "2004.05.04"]

1. e4 e5 2. Nf3 Nc6 3. d4 exd4 4. c3 dxc3 5. Bc4 Nf6 6. Nxc3 d6 7. Qb3 Qd7 8. Ng5 Ne5 9. Bb5 c6 10. f4 cxb5 11. fxe5 Ng4 12. Nxb5 a6 13. Nc3 h6 14. Nf3 Be7 15. Nd5 O-O 16. h3 Nxe5 17. Nb6 Qc6 18. Nxa8 Be6 19. Qe3 Nxf3+ 20. Qxf3 Bh4+ 21. g3 Be7 22. Be3 Rxa8 23. O-O Bf6 24. Rf2 Re8 25. Rc1 Qd7 26. g4 Bxa2 27. Rd1 Qe6 28. Bd4 Bb3 29. Rdd2 Bh4 30. Rg2 Ba4 31. Bf2 Bg5 32. Rd4 Bc6 33. Qd1 Bf6 0-1

[Event "Acasusso Open"]
[Site "Acasusso ARG"]
[Date "1991.??.??"]
[Round "9"]
[White "Tempone, Marcelo J"]
[Black "Rubinetti, Jorge A"]
[Result "1-0"]
[WhiteElo "2460"]
[BlackElo "2440"]
[PlyCount "69"]
[EventDate "1991.??.??"]
[Source "www.chesslib.no"]
[SourceDate "2004.05.04"]

1. e4 e5 2. Nf3 Nc6 3. d4 exd4 4. c3 d3 5. c4 Bc5 6. Bxd3 d6 7. h3 Nge7 8. Nc3 O-O 9. O-O a5 10. b3 f6 11. Bb2 Kh8 12. Rc1 Ng6 13. Bb1 Bd7 14. Kh2 Nce5 15. Nd4 Nf4 16. Nd5 Nxd5 17. exd5 Bxd4 18. Bxd4 b6 19. Qh5 h6 20. f4 Be8 21. Qh4 Ng6 22. Qg3 Ne7 23. Rce1 Qd7 24. Re6 Ng8 25. Rfe1 Qf7 26. Qd3 f5 27. Qg3 Nf6 28. Bxf5 Bd7 29. Bg6 Bxe6 30. Bxf7 Bxf7 31. Bxf6 gxf6 32. Qh4 Kg7 33. Re3 Bg6 34. f5 Bxf5 35. Qh5 1-0

[Event "Toth Memorial"]
[Site "Kecskemet HUN"]
[Date "1972.??.??"]
[Round "?"]
[White "Espig, Lutz"]
[Black "Lengyel, Levente"]
[Result "0-1"]
[WhiteElo "2435"]
[BlackElo "2455"]
[PlyCount "74"]
[EventDate "1972.??.??"]
[Source "www.chesslib.no"]
[SourceDate "2004.05.04"]

1. e4 e5 2. Nf3 Nc6 3. d4 exd4 4. c3 dxc3 5. Nxc3 Bb4 6. Bc4 d6 7. O-O Bxc3 8. bxc3 Nf6 9. e5 Nxe5 10. Nxe5 dxe5 11. Qb3 Qe7 12. Ba3 c5 13. Bb5+ Bd7 14. Bxd7+ Qxd7 15. Bxc5 Qc6 16. Qa3 Ne4 17. Bxa7 Nd2 18. Rfe1 Nc4 19. Qc5 Qxc5 20. Bxc5 Kd7 21. f4 Kc6 22. Bb4 Rhe8 23. fxe5 Rxe5 24. Rf1 f5 25. Rf4 Ne3 26. Rd4 Rd5 27. a3 Re8 28. Rxd5 Kxd5 29. g3 g5 30. h3 f4 31. Kf2 Ke4 32. Bc5 Re5 33. Bd4 Rb5 34. Ra2 Rb1 35. gxf4 gxf4 36. Ke2 Rh1 37. Rd2 f3+ 0-1

[Event "SLO-chT"]
[Site "Celje"]
[Date "2004.12.03"]
[Round "7"]
[White "Sveshnikov, Evgeny"]
[Black "Mestrovic, Zvonimir"]
[Result "1-0"]
[WhiteElo "2512"]
[BlackElo "2376"]
[PlyCount "59"]
[EventDate "2004.11.29"]
[Source "Roberto Alvarez"]
[SourceDate "2004.12.06"]

1. e4 e5 2. Nf3 Nc6 3. d4 d6 4. Nc3 exd4 5. Nxd4 Nf6 6. Bf4 Be7 7. Bb5 Bd7 8. O-O O-O 9. Bxc6 bxc6 10. Qf3 Ne8 11. Rad1 Bg5 12. Bg3 Qf6 13. Qd3 Bf4 14. Qc4 Bxg3 15. fxg3 Qg5 16. Nxc6 Nf6 17. Ne7+ Kh8 18. Ned5 Be6 19. Qxc7 Bxd5 20. Nxd5 Nxd5 21. exd5 Rfc8 22. Qxf7 Qe3+ 23. Qf2 Qe5 24. c3 h6 25. Qd4 Qg5 26. c4 Rc7 27. Rde1 Rac8 28. b3 a5 29. Re6 Rd8 30. Qf4 1-0

[Event "Las Tunas"]
[Site "?"]
[Date "1996.??.??"]
[Round "4"]
[White "Espinosa Julio"]
[Black "Arencibia Walter"]
[Result "1-0"]
[WhiteElo "2330"]
[BlackElo "2555"]
[PlyCount "49"]
[EventDate "1996.??.??"]
[Source "www.chesslib.no"]
[SourceDate "2004.05.04"]

1. e4 e5 2. Nf3 Nc6 3. d4 exd4 4. c3 d3 5. Bxd3 d6 6. h3 Nf6 7. O-O Be7 8. Be3 O-O 9. Nbd2 Nd7 10. Nd4 Bf6 11. f4 Nxd4 12. Bxd4 c5 13. Bf2 b6 14. Nc4 Be7 15. Ne3 Re8 16. Qc2 Bb7 17. Rad1 Bf8 18. e5 g6 19. Bc4 Kg7 20. Nf5+ gxf5 21. Qxf5 Re6 22. Bxe6 fxe6 23. Qxe6 Qe8 24. Qg4+ Kf7 25. Rfe1 1-0

[Event "LADAC"]
[Site "?"]
[Date "1999.11.01"]
[Round "?"]
[White "Verducci Silvelo Sergio Danie"]
[Black "Gimenez Dante Manuel (ARG)"]
[Result "1-0"]
[WhiteElo "2498"]
[BlackElo "2385"]
[PlyCount "57"]
[EventDate "1999.??.??"]
[Source "www.chesslib.no"]
[SourceDate "2004.05.04"]

1. e4 e5 2. Nf3 Nc6 3. d4 exd4 4. c3 d5 5. exd5 Qxd5 6. cxd4 Bb4+ 7. Nc3 Nf6 8. Be2 Ne4 9. Bd2 Bxc3 10. bxc3 Nxd2 11. Qxd2 O-O 12. Rb1 Re8 13. O-O b6 14. Bd3 Bb7 15. Rfe1 Na5 16. Re2 f6 17. Rbe1 Qh5 18. Qf4 Rxe2 19. Rxe2 Bxf3 20. gxf3 Qg5+ 21. Qxg5 fxg5 22. Re7 c6 23. Be4 h6 24. Rc7 Rd8 25. Rxa7 Kf8 26. Rc7 Rd6 27. Kf1 Re6 28. d5 cxd5 29. Bxd5 1-0

[Event "XX Franca Garcia Mem"]
[Site "Osasco"]
[Date "2004.07.03"]
[Round "4"]
[White "Matsuura, Everaldo"]
[Black "Pelikian, Jefferson"]
[Result "1-0"]
[WhiteElo "2473"]
[BlackElo "2407"]
[PlyCount "83"]
[EventDate "2004.07.01"]
[Source "Roberto Alvarez"]
[SourceDate "2004.07.12"]

1. e4 e5 2. Nf3 Nc6 3. d4 exd4 4. Bc4 Be7 5. c3 d6 6. Qb3 Na5 7. Bxf7+ Kf8 8. Qa4 Kxf7 9. Qxa5 dxc3 10. Nxc3 c6 11. Qa4 b5 12. Qc2 Bg4 13. Nd4 Qd7 14. h3 Be6 15. O-O Bc4 16. Rd1 Nf6 17. f4 Rhe8 18. b3 b4 19. Na4 Ba6 20. e5 Kg8 21. exf6 Bxf6 22. Bb2 c5 23. Nf3 Be2 24. Bxf6 gxf6 25. Rd2 Bxf3 26. gxf3 Qxh3 27. Rh2 Qd7 28. Qd3 Rad8 29. Qd5+ Kh8 30. Nb2 Rg8+ 31. Kh1 Qe7 32. Qe4 Qf7 33. Qf5 Rg6 34. Rg1 Rdg8 35. Rxg6 Rxg6 36. Rg2 Kg7 37. Nc4 Qe7 38. Qe4 Qd7 39. Ne3 Qh3+ 40. Rh2 Qd7 41. Nf5+ Kh8 42. Ne7 1-0